000 00330nam a2200133Ia 4500
005 20251222143137.0
008 251222s9999||||xx |||||||||||||| ||spa||
020 _a978-612-4265-36-5
082 _a657.3/H66
245 0 _aEstados financieros conforme a NIIF
250 _a1a.ed.
264 _bInstituto PacĂ­fico,
942 _cLIB
999 _c12172
_d12172